| 000 | 00826cam a22002414a 4500 | ||
|---|---|---|---|
| 001 | 13015369 | ||
| 005 | 20180115045636.0 | ||
| 008 | 021127s2003 njua b 001 0 eng | ||
| 010 | _a 2002192170 | ||
| 020 | _a1588290662 (alk. paper) | ||
| 040 |
_aDLC _cDLC _dDLC |
||
| 041 | _aeng | ||
| 042 | _apcc | ||
| 080 | _a611.01816 YIN | ||
| 082 | 0 | 0 |
_a611.01816 YIN _221 |
| 100 | _a11 | ||
| 101 | _aBIO | ||
| 245 | 0 | 0 |
_aGeneration of cDNA libraries : _cedited by Shao-Yao Ying. |
| 504 | _aIncludes bibliographical references and index. | ||
| 906 |
_a7 _bcbc _corignew _d1 _eocip _f20 _gy-gencatlg |
||
| 942 |
_2ddc _cBK |
||
| 999 |
_c40250 _d40250 |
||